| 000 | 01303cad a22002055a 4500 | ||
|---|---|---|---|
| 001 | L142786 | ||
| 008 | 080310u2008 xxk f 000 0 eng d | ||
| 035 | _a(Sirsi) u142786 | ||
| 041 | 0 | _aeng | |
| 110 | 2 |
_aLeasehold Advisory Service _93510 |
|
| 245 | 0 | 0 |
_aHouse of Lords rules on lease extension under the 1993 Act _h[electronic resource] |
| 260 | _c2008 | ||
| 520 | _aReports on a case (L142785) considering a residential tenant's application to extend the lease of his flat. This was the first case decided by the House of Lords under the Leasehold Reform, Housing and Urban Development Act 1993. The landlords argued that they intended to reconstruct part of the flat and so the exception in section 47 of the Act applied. The definition of a premises in which the flat is contained was crucial. It was held, in favour of the tenant, that the remainder of the premises should be an objectively realisable physical space. | ||
| 590 | _aKA | ||
| 650 | 2 | 4 | _aLEASEHOLD REFORM, HOUSING AND URBAN DEVELOPMENT ACT 1993 S47 |
| 651 | 4 |
_aEngland and Wales _y1543- |
|
| 690 | _aPROPERTY-RESIDENTIAL PROPERTY-RESIDENTIAL LANDLORD AND TENANT-RESIDENTIAL LEASES-RESIDENTIAL LEASE RENEWAL | ||
| 856 | 4 | 0 |
_uhttps://www.lease-advice.org/ _zView the article free of charge at www.lease-advice.org... |
| 942 | _n0 | ||
| 999 |
_c79940 _d79940 |
||